| 000 | 00448cam a2200181ua 4500 | ||
|---|---|---|---|
| 020 | _c65.00 | ||
| 041 |
_aeng _h |
||
| 082 |
_a532.1 _bJAE/EN |
||
| 100 | _aJaeger, Charles . | ||
| 245 |
_aEngineering fluid mechanics / _cCharles Jaeger. _hTextual Documents |
||
| 250 |
_a1 / _b. |
||
| 260 |
_aLondon : _bBlackie & Son Ltd , _c1961. |
||
| 300 |
_a529 : _b` ; . |
||
| 365 | _a65.00 | ||
| 504 | _a | ||
| 942 | _cBK | ||
| 999 |
_c1777 _d1777 |
||